Statistiques concernant Culture Générale - Série 1061

Cliquez ici pour prendre le quiz!

Statistiques générales

  • Ce quiz a été pris 76 fois
  • Le résultat moyen est 6 sur 10

Statistiques - réponses

QuestionRéponse% Correct
Quelle planète du Système solaire est célèbre pour ses anneaux, que Galilée observa dès 1609 ?Saturne
97%
Un jeune homme sans expérience et sûr de lui est parfois appelé un "blanc-...bec
93%
Quel chien originaire de Sibérie est utilisé pour la traction des traîneaux ?husky
86%
La sitcom dans laquelle Mallaury Nataf faisait tomber les garçons comme des mouches s'intitulait "Le Miel et les...abeilles
85%
Que représente la statue située au sommet du mont Corcovado, qui domine Rio de Janeiro ?Le Christ
76%
Comment appelle-t-on un jeune coq châtré, que l'on engraisse pour le consommer ?chapon
69%
Au verso de votre carte bancaire, quel nom donne-t-on au code de sécurité visuel composé de 3 chiffres, demandé lors des transactions à distance ?cryptogramme
42%
Quel grand chef cuisinier français, né en 1950 à Annecy, est caractérisé par son large chapeau noir ?Marc Veyrat
42%
Comment appelle-t-on le point souterrain où un séisme se déclenche ?hypocentre
10%
Qui chante en duo avec Calogero la chanson "L’Ombre et la Lumière" ?Grand Corps Malade
8%

Distribution des résultats

Percentile par nombre de réponses

% des personnes avec chaque résultat

Votre développement - résultats

Vous n’avez pas pris ce quiz